[Event "Belgrade-chT"]
[Site "Belgrade"]
[Date "2017.05.10"]
[Round "1.2"]
[White "Radevic, Filip"]
[Black "Tadic, Stefan"]
[Result "0-1"]
[WhiteElo "1974"]
[BlackElo "1993"]
[PlyCount "100"]
[EventDate "2017.05.10"]
[EventType "team-swiss"]
[EventRounds "5"]
[EventCountry "SRB"]
[SourceTitle "CBM 178 Extra"]
[Source "ChessBase"]
[SourceDate "2017.06.22"]
[SourceVersion "1"]
[SourceVersionDate "2017.06.22"]
[SourceQuality "1"]
[WhiteTeam "Usce"]
[BlackTeam "Tadic"]
[WhiteTeamCountry "SRB"]
[BlackTeamCountry "SRB"]

1. d4 d5 2. Bf4 Nf6 3. e3 c5 4. Bb5+ Nc6 5. c3 Qb6 6. Qb3 e6 7. Nf3 c4 8. Bxc6+ Qxc6 9. Qc2 Bd6 10. Bg3 b5 11. a3 a5 12. Nbd2 0-0 13. 0-0 Bb7 14. Bxd6 Qxd6 15. Ne5 Nd7 16. f4 Nb6 17. Rf3 b4 18. Rh3 h6 19. g4 Nd7 20. Ndf3 f6 21. Ng6 Rf7 22. g5 fxg5 23. Nxg5 Rf5 24. Nf3 Nf6 25. Nfe5 Ne4 26. axb4 axb4 27. Rxa8+ Bxa8 28. Qa4 Qd8 29. Qxb4 Kh7 30. Rf3 Rf6 31. Nh4 g5 32. Ng2 g4 33. Rf1 Nd2 34. Ra1 Nf3+ 35. Kf2 Nxe5 36. dxe5 Rf7 37. Ra6 d4 38. Qxc4 dxe3+ 39. Kg3 Bxg2 40. Qxe6 Qf8 41. Qg6+ Kh8 42. Kxg2 Rxf4 43. Qxh6+ Qxh6 44. Rxh6+ Kg7 45. Ra6 Rf2+ 46. Kg1 Rxb2 47. Ra4 Rb1+ 48. Kg2 e2 49. Rxg4+ Kf7 50. e6+ Ke7 0-1

[Event "Belgrade Trophy 30th"]
[Site "Belgrade"]
[Date "2016.11.29"]
[Round "6"]
[White "Radevic, Filip"]
[Black "Nedeljkovic, Dragan"]
[Result "0-1"]
[WhiteElo "1875"]
[BlackElo "2168"]
[PlyCount "82"]
[EventDate "2016.11.24"]
[EventType "swiss"]
[EventRounds "9"]
[EventCountry "SRB"]
[SourceTitle "CBM 175 Extra"]
[Source "ChessBase"]
[SourceDate "2016.12.12"]
[SourceVersion "1"]
[SourceVersionDate "2016.12.12"]
[SourceQuality "1"]

1. c4 e5 2. Nc3 Nf6 3. Nf3 g6 4. e4 Bg7 5. Be2 Nc6 6. 0-0 0-0 7. d4 d6 8. Bg5 Bg4 9. Nd5 Bxf3 10. Bxf3 Nxd4 11. Qd3 c6 12. Nc3 h6 13. Bh4 g5 14. Bg3 Qe7 15. Bd1 Nd7 16. f3 Nc5 17. Qd2 a5 18. b3 Bf6 19. Bf2 Nce6 20. Ne2 Nxe2+ 21. Bxe2 Nf4 22. Rfd1 Nxe2+ 23. Qxe2 Qc7 24. a4 Be7 25. Rd3 f5 26. exf5 Rxf5 27. Rad1 Bf8 28. Qe3 Qf7 29. h3 Re8 30. Qd2 e4 31. fxe4 Rxe4 32. Bb6 Ref4 33. Bxa5 Rf1+ 34. Rxf1 Rxf1+ 35. Kh2 d5 36. Bb4 c5 37. Bxc5 Bxc5 38. Rxd5 Bg1+ 39. Kg3 Qc7+ 40. Rd6 Rf6 41. Qd5+ Kg7 0-1